00213nam a2200085Ia 4500008004100000100001800041245002000059260003600079650001200115190216s9999||||xx |||||||||||||| ||und|| aHeauer Doorly 4aThe Miracle Man bHeinemann Educational Books Ltd aEnglish